| 000 | 02549ncm0a2200445 4500 | ||
|---|---|---|---|
| 001 | RU\NLR\ONIZ\227127 | ||
| 005 | 20260406115129.0 | ||
| 035 | _aRU\NLR\ONIZ\GALA\5000035528\20191112153855 | ||
| 035 | _a(NLR Aleph) 012136974 | ||
| 090 |
_a12077314 _c12077314 |
||
| 100 | _a20191112d2014 |||y0rusy50 ca | ||
| 101 | 0 | _arus | |
| 102 | _aRU | ||
| 125 | _aax | ||
| 200 | 1 |
_a"Это мир очарований" _bНоты _e3 хора на стихи русских поэтов М. Лермонтова, А. Фета, В. Брюсова _eдля жен. или дет. хора без сопровожд. _fВ. Фадеев |
|
| 210 |
_aСанкт-Петербург _cМФ Санкт-Петербурга _dcop. 2014 |
||
| 215 |
_a17 с. _d30 см |
||
| 300 | _aАвтогр. авт. на с. 2 обл. | ||
| 300 | _aКрат. биогр. справка: с. 4 обл. | ||
| 327 | 1 | _a1. Когда волнуется желтеющая нива / стихи М. Лермонтова ; 2. Растут, растут причудливые тени... / стихи А. Фета ; 3. Это мир очарований... / стихи В. Брюсова | |
| 606 | 1 |
_aМузыка для женского хора без сопровождения _yРоссия _z20-21 вв. _2nlr_sh |
|
| 606 | 1 |
_aМузыка для детского хора без сопровождения _yРоссия _z20-21 вв. _2nlr_sh |
|
| 686 |
_aЩ941.2-0-043.2(2Р=Р) _vLBC/SL _2rubbk |
||
| 686 |
_aЩ941.8-0-043.2(2Р=Р) _vLBC/SL _2rubbk |
||
| 700 | 1 |
_9z01790 _aФадеев _bВ. О. _f1946- _gВалерий Олегович _4230 _7ca |
|
| 702 | 1 |
_4520 _8rus _7ca _aЛермонтов _bМ. Ю. _cпоэт _f1814-1841 _gМихаил Юрьевич _3RU\NLR\auth\77328 _9110383 |
|
| 702 | 1 |
_9z03790 _aФет _bА. А. _f1820 - 1892 _gАфанасий Афанасьевич _4520 _7ca |
|
| 702 | 1 |
_9z04790 _aБрюсов _bВ. Я. _f1873-1924 _gВалерий Яковлевич _4520 _7ca |
|
| 790 | 1 |
_9z01700 _aFadeev _bV. O. _f1946- _gValerij Olegovič _4230 _7ba |
|
| 790 | 1 |
_4520 _8rus _7ca _aЛермонтов _bМ. Ю. _cпоэт _f1814-1841 _gМихаил Юрьевич _3RU\NLR\auth\77328 _9110383 |
|
| 790 | 1 |
_9z03702 _aFet _bA. A. _f1820 - 1892 _gAfanasij Afanas`evič _4520 _7ba |
|
| 790 | 1 |
_9z04702 _aBrjusov _bV. J. _f1873-1924 _gValerij Jakovlevič _4520 _7ba |
|
| 801 | 0 |
_aRU _bNLR _c20191112 _gPSBO |
|
| 801 | 1 |
_aRU _bNLR _c20191112 _2rusmarc |
|
| 801 | 2 |
_aRU _bNLR _c20191112 |
|
| 852 |
_aNLR _bМ _j986/1045 _p268284 _t1 |
||
| 942 | _cSCORE | ||
| 980 | _aNB | ||
| 980 | _aONIZ | ||